| 000 | 00351nam a22001577a 4500 | ||
|---|---|---|---|
| 003 | SGT | ||
| 020 | _a9788191019551 | ||
| 082 |
_a615.53 _bR11B |
||
| 100 | _aBABU, RAMESH | ||
| 245 | _aRASACHANDANSHU | ||
| 260 |
_aNEW DELHI _bCCRAS _c2011 |
||
| 300 | _a402,XVII | ||
| 650 | _aAYURVEDA | ||
| 653 | _aRASA, RASACHANDANSHU,CHANDANSHU | ||
| 942 |
_2ddc _cBK |
||
| 999 |
_c34708 _d34708 |
||